| 000 | 00336nam a2200145Ia 4500 | ||
|---|---|---|---|
| 008 | 230917s9999||||xx |||||||||||||| ||und|| | ||
| 040 |
_e155165 _aMAIN |
||
| 041 | _aEnglish | ||
| 082 | _a514 J254T | ||
| 100 | _aJanich, Klaus | ||
| 245 | 0 | _aTopology | |
| 260 |
_aNew York _bSpringer-Verlag _c1984 |
||
| 300 | _a192p. p. | ||
| 942 | _cBK | ||
| 999 |
_c142853 _d142853 |
||